| 000 | 00567nam a22002177a 4500 | ||
|---|---|---|---|
| 999 |
_c7665 _d7665 |
||
| 003 | OSt | ||
| 005 | 20220202094453.0 | ||
| 008 | 150414b xxu||||| |||| 00| 0 eng d | ||
| 020 | _a9788126517022 | ||
| 040 | _cDDC | ||
| 082 | _a537.6 SZE 2007 | ||
| 100 |
_aSze, S.M.; Kwok, K. NG _93784 |
||
| 245 | _aPhysics of semiconductor devices | ||
| 250 | _a3rd ed. | ||
| 260 |
_aNew Jersey; _bWiley, _c2007 |
||
| 300 |
_ax,815p; _bill: _c24cm |
||
| 504 | _aAppendices & index included | ||
| 650 |
_aPhysics _9809 |
||
| 650 |
_aSemiconductors _93785 |
||
| 942 |
_2ddc _cO_SHELF |
||